000 00602nam a2200181Ia 4500
003 IN-BaIIA
008 211028s9999 xx 000 0 eng d
020 _a81-204-1133-1
040 _cIIA Library
080 _a550.38
_bRAJ
100 _aPisharoty, P. R.
_922305
245 4 _aThe Earth's magnetic field
_cG. Rajaram and P. R. Pisharoty
260 _aNew Delhi
_bOxford & IBH
_c1998
300 _axxxvii, 373p.
650 _aMagnetic field
_95229
700 _aPisharoty, P. R.
_922305
942 _cBK
999 _c12741
_d12741